000 00198 a2200097 4500
020 _a9780811230070
041 _aeng
100 _aDeWitt, Helen
245 _aThe English Understand Wool
942 _cBK
999 _c31718
_d31716